Thermodynamics (Record no. 8344)

000 -LEADER
fixed length control field 00603nam a2200217 i 4500
001 - CONTROL NUMBER
control field 8344
003 - CONTROL NUMBER IDENTIFIER
control field BD-DhUET
008 - FIXED-LENGTH DATA ELEMENTS--GENERAL INFORMATION
fixed length control field 770308s1978 nyua b 001 0 eng
020 ## - INTERNATIONAL STANDARD BOOK NUMBER
International Standard Book Number 0023355301
040 ## - CATALOGING SOURCE
Original cataloging agency DLC
Transcribing agency DLC
Modifying agency BD-DhUET
082 ## - DEWEY DECIMAL CLASSIFICATION NUMBER
Classification number 621.01
Item number FAI/1970
100 ## - MAIN ENTRY--PERSONAL NAME
Personal name Faires, Virgil Moring
245 10 - TITLE STATEMENT
Title Thermodynamics
Statement of responsibility, etc. by Virgil Moring Faires and Clifford Max Simmang
250 ## - EDITION STATEMENT
Edition statement 6th ed.
260 ## - PUBLICATION, DISTRIBUTION, ETC. (IMPRINT)
Place of publication, distribution, etc. New York
Name of publisher, distributor, etc. Macmillan
Date of publication, distribution, etc. 1970
300 ## - PHYSICAL DESCRIPTION
Extent xxiii, 647 p.
Other physical details ill.
Dimensions 26 cm.
504 ## - BIBLIOGRAPHY, ETC. NOTE
Bibliography, etc Includes bibliographies
650 #0 - SUBJECT ADDED ENTRY--TOPICAL TERM
Topical term or geographic name as entry element Thermodynamics
700 ## - ADDED ENTRY--PERSONAL NAME
Personal name Simmang, Clifford Max
942 ## - ADDED ENTRY ELEMENTS (KOHA)
Koha item type General Book
Holdings
Date acquired Source of classification or shelving scheme Location (home branch) Koha full call number Koha item type Sublocation or collection (holding branch) Lost status Withdrawn status Copy number Koha date last seen Damaged status Price effective from Koha normalized classification for sorting Shelving location Piece designation (barcode) Not for loan
2015-01-20 Central Library, BUET621.01/FAI/1978General BookCentral Library, BUET  12015-01-20 2015-01-20621_010000000000000_FAI_1978Circulation section42943 
1985-06-11 Central Library, BUET621.01 FAI/1970Rental ItemCentral Library, BUET  ৬/ক-১2024-12-11 2024-12-11621_010000000000000_FAI_1970Rental section63135 
1985-06-11 Central Library, BUET621.01 FAI/1970Rental ItemCentral Library, BUET  ৬/ক-২2024-12-11 2024-12-11621_010000000000000_FAI_1970Rental section63136 
1985-06-11 Central Library, BUET621.01 FAI/1970Rental ItemCentral Library, BUET  ৬/ক-৩2024-12-11 2024-12-11621_010000000000000_FAI_1970Rental section63137 
1985-06-11 Central Library, BUET621.01 FAI/1970Rental ItemCentral Library, BUET  ৬/ক-৪2024-12-11 2024-12-11621_010000000000000_FAI_1970Rental section63138 
1985-06-11 Central Library, BUET621.01 FAI/1970Rental ItemCentral Library, BUET  ৬/ক-৫2024-12-11 2024-12-11621_010000000000000_FAI_1970Rental section63139 
1985-06-11 Central Library, BUET621.01 FAI/1970Rental ItemCentral Library, BUET  ৬/ক-৬2024-12-11 2024-12-11621_010000000000000_FAI_1970Rental section63140 
1985-06-11 Central Library, BUET621.01 FAI/1970Rental ItemCentral Library, BUET  ৬/ক-৭2024-12-11 2024-12-11621_010000000000000_FAI_1970Rental section63141 
1985-06-11 Central Library, BUET621.01 FAI/1970Rental ItemCentral Library, BUET  ৬/ক-৮2024-12-11 2024-12-11621_010000000000000_FAI_1970Rental section63142 
1985-06-11 Central Library, BUET621.01 FAI/1970Rental ItemCentral Library, BUET  ৬/ক-৯2024-12-11 2024-12-11621_010000000000000_FAI_1970Rental section63143 
1985-06-11 Central Library, BUET621.01 FAI/1970Rental ItemCentral Library, BUET  ৬/ক-১০2024-12-11 2024-12-11621_010000000000000_FAI_1970Rental section63144 
1985-06-11 Central Library, BUET621.01 FAI/1970Rental ItemCentral Library, BUET  ৬/ক-১১2024-12-11 2024-12-11621_010000000000000_FAI_1970Rental section63145 
1985-06-11 Central Library, BUET621.01 FAI/1970Rental ItemCentral Library, BUET  ৬/ক-১২2024-12-11 2024-12-11621_010000000000000_FAI_1970Rental section63146 
1985-06-11 Central Library, BUET621.01 FAI/1970Rental ItemCentral Library, BUET  ৬/ক-১৩2024-12-11 2024-12-11621_010000000000000_FAI_1970Rental section63147 
1985-06-11 Central Library, BUET621.01 FAI/1970Rental ItemCentral Library, BUET  ৬/ক-১৪2024-12-11 2024-12-11621_010000000000000_FAI_1970Rental section63148 
1985-06-11 Central Library, BUET621.01 FAI/1970Rental ItemCentral Library, BUET  ৬/ক-১৫2024-12-11 2024-12-11621_010000000000000_FAI_1970Rental section63149 
1985-06-11 Central Library, BUET621.01 FAI/1970Rental ItemCentral Library, BUET  ৬/ক-১৬2024-12-11 2024-12-11621_010000000000000_FAI_1970Rental section63150 
1985-06-11 Central Library, BUET621.01 FAI/1970Rental ItemCentral Library, BUET  ৬/ক-১৭2024-12-11 2024-12-11621_010000000000000_FAI_1970Rental section63151 
1985-06-11 Central Library, BUET621.01 FAI/1970Rental ItemCentral Library, BUET  ৬/ক-১৮2024-12-11 2024-12-11621_010000000000000_FAI_1970Rental section63152 
1985-06-11 Central Library, BUET621.01 FAI/1970Rental ItemCentral Library, BUET  ৬/ক-১৯2024-12-11 2024-12-11621_010000000000000_FAI_1970Rental section63153 
1985-06-11 Central Library, BUET621.01 FAI/1970Rental ItemCentral Library, BUET  ৬/ক-২০2024-12-11 2024-12-11621_010000000000000_FAI_1970Rental section63154